000 00465nam a2200193Ia 4500
005 20240823041425.0
008 240823s9999||||xx |||||||||||||| ||und||
020 _a81-297-0728-4
041 _aENGLISH
082 _A660.2815 L6
100 _aHougen O A et al.
245 0 _aChemical Process Control
250 _a1st
260 _c1976
_bAsia Publishing
500 _aTRANSFERED
650 _aChemical Process
_bChemistry
942 _cBK
999 _c205468
_d205468